| 000 | 00423pab a2200169 454500 | ||
|---|---|---|---|
| 008 | 180718b2006 xxu||||| |||| 00| 0 eng d | ||
| 100 | _aBusch, Marc L. | ||
| 245 | _aThree's a crowd: third parties and WTO dispute settlement | ||
| 260 | _c2006 | ||
| 300 | _ap.446-77. | ||
| 362 | _aApr | ||
| 650 | _aWorld Trade Organization | ||
| 700 | _aReinhardt, Eric | ||
| 773 | _aWorld Politics | ||
| 908 | _aN | ||
| 909 | _a73364 | ||
| 999 |
_c73364 _d73364 |
||